|
|
|
|
| LEADER |
00000nab a2200000 a 4500 |
| 001 |
vtls000376699 |
| 003 |
SK-MaSNL |
| 005 |
20260305023046.0 |
| 008 |
040806c1990 xo 0 slo |
| 015 |
|
|
|a SNBRB19rr/mm-uuuuu
|
| 035 |
|
|
|a CL0376821
|
| 040 |
|
|
|a SNKBUCL
|b slo
|c SNKBUCL
|e AACR2
|
| 041 |
0 |
|
|a slo
|
| 044 |
|
|
|a xo
|c SK
|
| 080 |
|
|
|a 792.8
|2 1981
|
| 100 |
1 |
|
|a Hubová, Dagmar,
|d 1943-
|4 aut
|9 260136
|
| 245 |
1 |
0 |
|a Interpretačný potenciál rastie
|b Po premiére baletného triptychu v Slovenskom národnom divadle
|c D. Hubová
|
| 600 |
1 |
7 |
|a Čajkovskij, Piotr Iľjič,
|d 1840-1893
|t Romeo a Júlia
|2 snkbucl
|9 191933
|
| 600 |
1 |
7 |
|a Barroso, Sergio Fernandez
|t Dom Bernardy Alby
|2 snkbucl
|9 119761
|
| 600 |
1 |
7 |
|a Bizet, Georges,
|d 1838-1875
|t Carmen
|2 snkbucl
|9 117389
|
| 600 |
1 |
7 |
|a Ščedrin, Rodion Konstantinovič,
|d 1932-
|t Carmen
|2 snkbucl
|9 1044713
|
| 610 |
2 |
7 |
|a Slovenské národné divadlo.
|b Balet
|2 snkbucl
|9 32457
|
| 650 |
0 |
7 |
|a balety
|2 snkbucl
|9 31615
|
| 650 |
0 |
7 |
|a baletné inscenácie
|2 snkbucl
|9 3329
|
| 650 |
0 |
7 |
|a baletné triptychy
|2 snkbucl
|9 1233991
|
| 655 |
|
7 |
|a recenzie
|2 snkbucl
|9 21907
|
| 655 |
|
7 |
|a články z novín a časopisov
|2 snkbucl
|9 267496
|
| 773 |
0 |
|
|t Práca
|g Roč. 45, č. 68 (21. 3. 1990), s. 6
|
| 850 |
|
|
|a Slovenská národná knižnica v Martine
|a MTA001
|
| 852 |
|
|
|a SNK
|b KIS3GCP
|
| 999 |
|
|
|c 3294398
|d 3296328
|